书目信息 |
| 题名: |
漂亮的纸贴画
|
|
| 作者: | 张痕 绘制 | |
| 分册: | ||
| 出版信息: | 北京 金盾出版社 2000 |
|
| 页数: | 46页 | |
| 开本: | 17×19cm | |
| 丛书名: | ||
| 单 册: | ||
| 中图分类: | J528.1 | |
| 科图分类: | ||
| 主题词: | 剪纸--中国--现代--图集 , 剪纸 | |
| 电子资源: | ||
| ISBN: | 7-5082-0347-X | |
| 000 | 00756nam0 2200241 45 | |
| 001 | 012006200002 | |
| 005 | 20070116160344.03 | |
| 010 | @a7-5082-0347-X@dCNY4.80 | |
| 092 | @aCN@b501502 | |
| 100 | @a20060809d2000 em y0chiy0120 ea | |
| 101 | 0 | @achi |
| 102 | @aCN@b110000 | |
| 105 | @aa z 000yy | |
| 200 | 1 | @a漂亮的纸贴画@Apiao liang de zhi tie hua@e人物@Eren wu@f张痕绘制@Fzhang hen hui zhi |
| 210 | @a北京@c金盾出版社@d2000 | |
| 215 | @a46页@c图@d17×19cm | |
| 330 | @a本书主要介绍了“人物剪贴画的工具与材料”、“人物剪贴画的设计”、“人物剪贴画的选材”等内容。 | |
| 606 | 0 | @a剪纸@y中国@z现代@j图集 |
| 606 | 0 | @a剪纸 |
| 690 | @aJ528.1@v4 | |
| 701 | 0 | @a张痕@Azhang hen@4绘制 |
| 801 | 0 | @aCN@bLZJBOOK@c20070116 |
| 905 | @a10447@dJ528.1@e196 | |
| 漂亮的纸贴画:人物/张痕绘制.-北京:金盾出版社,2000 |
| 46页:图;17×19cm |
| ISBN 7-5082-0347-X:CNY4.80 |
| 本书主要介绍了“人物剪贴画的工具与材料”、“人物剪贴画的设计”、“人物剪贴画的选材”等内容。 |
| ● |
| 相关链接 |
|
|
|
|
正题名:漂亮的纸贴画
索取号:J528.1/196
 
预约/预借
| 序号 | 登录号 | 条形码 | 馆藏地/架位号 | 状态 | 备注 |
| 1 | 0555352 | 205553523 | 第一样本阅览室/ [索取号:J528.1/196] | 在馆 | |
| 2 | 0555353 | 205553532 | 第一借阅区/ [索取号:J528.1/196] | 在馆 | |
| 3 | 0555354 | 205553541 | 第一借阅区/ [索取号:J528.1/196] | 在馆 | |
| 4 | 0555355 | 205553550 | 第一借阅区/ [索取号:J528.1/196] | 在馆 | |
| 5 | 0555356 | 205553569 | 第一借阅区/ [索取号:J528.1/196] | 在馆 | |
| 6 | 0555357 | 205553578 | 第一借阅区/ [索取号:J528.1/196] | 在馆 | |
| 7 | 0555358 | 205553587 | 第一借阅区/ [索取号:J528.1/196] | 在馆 | |
| 8 | 0555359 | 205553596 | 第一借阅区/ [索取号:J528.1/196] | 在馆 |